Diagnosis & reliable design of digital systems /
Guardado en:
| Autor Principal: | |
|---|---|
| Otros Autores: | |
| Formato: | Libro |
| Idioma: | English |
| Publicado: |
Woodland Hills, Calif. :
Computer Science Press,
c1976.
|
| Series: | Digital system design series
|
| Materias: | |
| Etiquetas: |
Agregar Etiqueta
Sin Etiquetas, Sea el primero en etiquetar este registro!
|
| LEADER | 00985cam a22002655a 4500 | ||
|---|---|---|---|
| 001 | EIQ.libpla001217 | ||
| 008 | 760528s1976####caua#####b####001#0#eng#d | ||
| 005 | 20060822180059.0 | ||
| 245 | 1 | 0 | |a Diagnosis & reliable design of digital systems / |c Melvin A. Breuer, Arthur D. Friedman. |
| 260 | |a Woodland Hills, Calif. : |b Computer Science Press, |c c1976. | ||
| 300 | |a ix, 308 p. : |b il. ; |c 24 cm. | ||
| 440 | 0 | |a Digital system design series | |
| 504 | |a INcluye referencias bibliográficas e índice. | ||
| 020 | |a 0914894579 | ||
| 100 | 1 | |a Breuer, Melvin A. | |
| 700 | 1 | |a Friedman, Arthur D. | |
| 740 | 0 | |a Diagnosis and reliable design of digital systems. | |
| 082 | 0 | 0 | |a 621.3815 |
| 650 | 4 | |a Electrónica |x Diseño digital. | |
| 650 | 4 | |a Electrónica |x Aparatos e instrumentos. | |
| 650 | 4 | |a Electronics |x Digital design. | |
| 650 | 4 | |a Electronics |x Apparatus and appliances. | |
| 010 | |a 76019081 | ||
| 040 | |a DLC |c DLC |d AR-BbSID | ||
| 859 | |a AR-BbSID |b BIB. PLAPIQUI |h 621.381 5 |i B 757 |p 2483 | ||
